Part 2: Materials; Metallic Industrial Piping

Podrobná bibliografie
Parent link:Metallic Industrial Piping. Part 2: Materials.— official edition.— , 2012
Jazyk:angličtina
Vydáno: 2012
Témata:
Médium: MixedMaterials Kniha
KOHA link:https://koha.lib.tpu.ru/cgi-bin/koha/opac-detail.pl?biblionumber=250920

MARC

LEADER 00000nam2a2200000 4500
001 250920
005 20231031213334.0
010 |a 9780580800368 
029 1 0 |a GB  |b 13480-2:2012  |c BS EN 
035 |a (RuTPU)RU\TPU\book\273160 
090 |a 250920 
100 |a 20140218d2021 k f0engy50 ba 
101 0 |a eng 
102 |a GB 
105 |a a l 001zy 
122 2 |a d2007121020  |a d2007121020 
200 0 |a Part 2: Materials 
210 |d 2012 
215 |a 82 p.  |c il. 
461 1 |0 (RuTPU)RU\TPU\book\273311  |t Metallic Industrial Piping  |v Part 2: Materials  |e official edition  |d 2012  |s BSI Standards Publication 
606 1 |a Трубопроводы  |2 stltpush  |3 (RuTPU)RU\TPU\subj\61760 
610 1 |a металлы 
610 1 |a материалы 
610 1 |a стальные трубопроводы 
675 |a 621.644  |v 3 
801 1 |a RU  |b 63413507  |c 20140218 
801 1 |a RU  |b 63413507  |c 20140218 
801 2 |a RU  |b 63413507  |c 20221213  |g RCR 
942 |c BK